Market towns threatened by uniform development (Record no. 117133)

MARC details
000 -LEADER
fixed length control field 00968cam a2200229 4500
001 - CONTROL NUMBER
control field WB4012-04
008 - FIXED-LENGTH DATA ELEMENTS--GENERAL INFORMATION
fixed length control field 040324n2004 000 0 eng u
035 ## - SYSTEM CONTROL NUMBER
System control number (Sirsi) u125554
245 ## - TITLE STATEMENT
Title Market towns threatened by uniform development
260 ## - PUBLICATION, DISTRIBUTION, ETC.
Date of publication, distribution, etc. 2004
490 ## - SERIES STATEMENT
Series statement CPRE Press Release
Volume/sequential designation (17/04) 17 March 2004 (3)
520 ## - SUMMARY, ETC.
Summary, etc. CPRE survey "Market towns: losing their character?" highlights that small towns are in danger of losing their distinctiveness due to uniform development. This leaves them with serious traffic congestion and stretched services. Some towns may become dormitories with new estates adding to the number of people who commute to work elsewhere. http://www.cpre.org.uk/news-releases/news-rel-2004 /17-04.htm
590 ## - LOCAL NOTE (RLIN)
Local note WB
590 ## - LOCAL NOTE (RLIN)
Local note WB
650 ## - SUBJECT ADDED ENTRY--TOPICAL TERM
Topical term or geographic name entry element URBAN DEVELOPMENT
650 ## - SUBJECT ADDED ENTRY--TOPICAL TERM
Topical term or geographic name entry element MARKET TOWNS
650 ## - SUBJECT ADDED ENTRY--TOPICAL TERM
Topical term or geographic name entry element TRAFFIC CONGESTION
650 ## - SUBJECT ADDED ENTRY--TOPICAL TERM
Topical term or geographic name entry element DORMITORY TOWNS
650 ## - SUBJECT ADDED ENTRY--TOPICAL TERM
Topical term or geographic name entry element COMMUTING
690 ## - LOCAL SUBJECT ADDED ENTRY--TOPICAL TERM (OCLC, RLIN)
Topical term or geographic name as entry element DEVELOPMENT
942 ## - ADDED ENTRY ELEMENTS (KOHA)
Suppress in OPAC 0
Holdings
Withdrawn status Lost status Source of classification or shelving scheme Damaged status Not for loan Home library Current library Shelving location Date acquired Total Checkouts Full call number Barcode Date last seen Copy number Price effective from Koha item type
    Dewey Decimal Classification     London London News article 24/03/2004   WB4012-04 125554-1001 06/08/2019 1 06/08/2019 News article